Ultrazvuk pri výrobe a oprave diamantových prievlakov na ťahanie drôtu

Bibliographic Details
Main Author: (gč) (Author)
Format: Article
Language:Slovak

MARC

LEADER 00000nab a2200000 a 4500
001 vtls011132219
003 SK-MaSNL
005 20260303151024.0
008 230222|1971 xo |||||||||||||||||slo|
015 |a SNBRB 
035 |a (uuid)c427d553-fd29-4625-b97e-43858a0fa0d9 
035 |a (urnnbn)urn:nbn:sk:snk:ar-a09mf7 
035 |a urn:nbn:sk:snk-abaa2x 
040 |a SNKBUCL  |b slo  |c SNKBUCL  |e AACR2 
041 0 |a slo 
044 |a xo  |c SK 
100 1 |a (gč)  |4 aut  |9 1170184 
245 1 0 |a Ultrazvuk pri výrobe a oprave diamantových prievlakov na ťahanie drôtu  |c (Gč{Rpara} 
773 0 |t Trend VUMA : vedeckotechnický časopis : časopis pre odbory : montáž v strojárstve - elektrické metódy obrábania - ultrazvuk  |g Roč. 3, č. 2 (1971), s. 65-67 
954 |a odborná, vedecká literatúra pôvodná (slovenská)  |2 lita 
958 |a OND 
958 |a EUIPO 
958 |a article13 
999 |c 2015271  |d 2017201